| 000 | 00901cam a22002651 4500 | ||
|---|---|---|---|
| 001 | sa 66002417 | ||
| 003 | DLC | ||
| 005 | 20260227112229.0 | ||
| 008 | 781108s1965 ii b f000 0 eng | ||
| 010 | _asa 66002417 | ||
| 025 | _aPL480:I-E-4761 | ||
| 035 | _a(OCoLC)4355950 | ||
| 040 |
_aDLC _cMH _dDLC |
||
| 042 | _apremarc | ||
| 050 | 0 | 0 |
_aHV8249.G8 _bV3 |
| 100 | 1 | _aVakil, N. K. | |
| 245 | 1 | 0 |
_aReport on the incident of police firing at Ahmedabad on the 5th August 1964, _band other incidents on the 5th and 6th of August 1964, _cby N. K. Vakil. |
| 260 |
_a[Ahmedabad] _c1965. |
||
| 300 |
_a2, v, 308 p. _bfold. map. _c28 cm. |
||
| 500 | _aCover title. | ||
| 500 | _aAt head of title: Govt. of Gujarat. Home and Civil Supplies Dept. | ||
| 651 | 0 |
_aAhmadābād (India) _xRiot, 1964. |
|
| 650 | 0 |
_aPolice _zIndia _zGujarat. |
|
| 710 | 1 |
_aGujarat (India). _bHome and Civil Supplies Department. |
|
| 999 |
_c68361 _d68361 |
||